000
00264nam a2200121Ia 4500
100
_a
Schid/Francis
942
_c
BK
654
_a
Numerical
245
_a
Numerical Analysis
260
_b
McGraw Hill.( Schaum''s)
_c
1989
082
_a
519.4
_b
SCH
546
_a
ENGLISH
999
_c
20761
_d
20761